Stone decay (Record no. 103171)
[ view plain ]
| 000 -LEADER | |
|---|---|
| fixed length control field | 03256cam a2200781 4500 |
| 008 - FIXED-LENGTH DATA ELEMENTS--GENERAL INFORMATION | |
| fixed length control field | 031103n2004 000 0 eng u |
| 020 ## - INTERNATIONAL STANDARD BOOK NUMBER | |
| International Standard Book Number | 1873394578 |
| 035 ## - SYSTEM CONTROL NUMBER | |
| System control number | (Sirsi) u124211 |
| 041 ## - LANGUAGE CODE | |
| Language code of text/sound track or separate title | eng |
| 050 ## - LIBRARY OF CONGRESS CALL NUMBER | |
| Classification number | 693.1 |
| -- | 18 |
| 100 ## - MAIN ENTRY--PERSONAL NAME | |
| Personal name | Smith, Bernard |
| 245 ## - TITLE STATEMENT | |
| Title | Stone decay |
| Remainder of title | its causes and controls |
| 260 ## - PUBLICATION, DISTRIBUTION, ETC. | |
| Place of publication, distribution, etc. | Shaftesbury |
| Name of publisher, distributor, etc. | Donhead |
| Date of publication, distribution, etc. | 2004 |
| 300 ## - PHYSICAL DESCRIPTION | |
| Extent | iv, 306p. |
| Other physical details | ill. |
| Dimensions | 25cm. |
| 350 ## - PRICE (NR) (BK AM CF MU VM SE) [OBSOLETE] | |
| Price | 37 |
| 505 ## - FORMATTED CONTENTS NOTE | |
| Formatted contents note | Introduction: the need for interdisciplinary thinking in stone decay and conservation studies |
| 505 ## - FORMATTED CONTENTS NOTE | |
| Formatted contents note | Quantification of the decay rates of cleaned and soiled building sandstones |
| 505 ## - FORMATTED CONTENTS NOTE | |
| Formatted contents note | Durability and rock properties |
| 505 ## - FORMATTED CONTENTS NOTE | |
| Formatted contents note | The use of image analysis for quantitative monitoring of stone alteration |
| 505 ## - FORMATTED CONTENTS NOTE | |
| Formatted contents note | Mechanisms of attack on limestone by NO2 and SO2. |
| 505 ## - FORMATTED CONTENTS NOTE | |
| Formatted contents note | Weathering of sandstone sculptures on Charles Bridge, Prague: influence of previous restoration |
| 505 ## - FORMATTED CONTENTS NOTE | |
| Formatted contents note | Experimental weathering of rhyolite tuff building stones and the effect of an organic polymer conserving agent |
| 505 ## - FORMATTED CONTENTS NOTE | |
| Formatted contents note | Chemical composition of precipitation in Krakow: its role in salt weathering of stone building materials |
| 505 ## - FORMATTED CONTENTS NOTE | |
| Formatted contents note | Interpreting the spatial complexity of decay features on a sandstone wall: St Matthew's Church, Belfast |
| 505 ## - FORMATTED CONTENTS NOTE | |
| Formatted contents note | Arkose 'Brownstone' tombstone weathering in Northeastern USA |
| 505 ## - FORMATTED CONTENTS NOTE | |
| Formatted contents note | Weathering of Portuguesemegaliths - evidence for rapid adjustment to new environmental conditions |
| 505 ## - FORMATTED CONTENTS NOTE | |
| Formatted contents note | Influence of anthropogenic factors on weathering of the Carpathian flysch sandstones |
| 505 ## - FORMATTED CONTENTS NOTE | |
| Formatted contents note | Observations on stepkarren formed on limestone, gypsum and halite terrains |
| 505 ## - FORMATTED CONTENTS NOTE | |
| Formatted contents note | The role of mechanical and biotic processes in solution flute development |
| 505 ## - FORMATTED CONTENTS NOTE | |
| Formatted contents note | Weathering scales, landscapes and change: some thoughts on links |
| 520 ## - SUMMARY, ETC. | |
| Summary, etc. | Selected papers from the Stone Weathering and Atmospheric Pollution NETwork conference, which formed part of the Proceedings of Weathering 2000, an international symposium held in Belfast 26-30 June 2000. Provides insights into the nature of stone decay processes, the factors that control them and conservation issues. |
| 650 ## - SUBJECT ADDED ENTRY--TOPICAL TERM | |
| Topical term or geographic name entry element | STONE DECAY |
| 650 ## - SUBJECT ADDED ENTRY--TOPICAL TERM | |
| Topical term or geographic name entry element | STONE CONSERVATION |
| 650 ## - SUBJECT ADDED ENTRY--TOPICAL TERM | |
| Topical term or geographic name entry element | STONE BUILDINGS |
| 650 ## - SUBJECT ADDED ENTRY--TOPICAL TERM | |
| Topical term or geographic name entry element | WEATHERING |
| 650 ## - SUBJECT ADDED ENTRY--TOPICAL TERM | |
| Topical term or geographic name entry element | STONE REPAIR |
| 690 ## - LOCAL SUBJECT ADDED ENTRY--TOPICAL TERM (OCLC, RLIN) | |
| Topical term or geographic name as entry element | BUILT ENVIRONMENT-BUILDING MAINTENANCE AND REFURBISHMENT-BUILDING CONSERVATION |
| 700 ## - ADDED ENTRY--PERSONAL NAME | |
| Personal name | Turkington, Alice |
| 700 ## - ADDED ENTRY--PERSONAL NAME | |
| Personal name | Young, M. |
| 700 ## - ADDED ENTRY--PERSONAL NAME | |
| Personal name | Ball, J. |
| 700 ## - ADDED ENTRY--PERSONAL NAME | |
| Personal name | Laing, R. |
| 700 ## - ADDED ENTRY--PERSONAL NAME | |
| Personal name | Inkpen, R. |
| 700 ## - ADDED ENTRY--PERSONAL NAME | |
| Personal name | Petley, D. |
| 700 ## - ADDED ENTRY--PERSONAL NAME | |
| Personal name | Murphy, W. |
| 700 ## - ADDED ENTRY--PERSONAL NAME | |
| Personal name | Lebrun, V. |
| 700 ## - ADDED ENTRY--PERSONAL NAME | |
| Personal name | Toussaint, C. |
| 700 ## - ADDED ENTRY--PERSONAL NAME | |
| Personal name | Pirard, E. |
| 700 ## - ADDED ENTRY--PERSONAL NAME | |
| Personal name | Allen, G. |
| 700 ## - ADDED ENTRY--PERSONAL NAME | |
| Personal name | El-Turki, A. |
| 700 ## - ADDED ENTRY--PERSONAL NAME | |
| Personal name | Hallam, K. |
| 700 ## - ADDED ENTRY--PERSONAL NAME | |
| Personal name | Coulson, E. |
| 700 ## - ADDED ENTRY--PERSONAL NAME | |
| Personal name | Stowell, R. |
| 700 ## - ADDED ENTRY--PERSONAL NAME | |
| Personal name | Prikryl, R. |
| 700 ## - ADDED ENTRY--PERSONAL NAME | |
| Personal name | Svobodova, J. |
| 700 ## - ADDED ENTRY--PERSONAL NAME | |
| Personal name | Hradil, D. |
| 700 ## - ADDED ENTRY--PERSONAL NAME | |
| Personal name | Torok, A. |
| 700 ## - ADDED ENTRY--PERSONAL NAME | |
| Personal name | Galos, M. |
| 700 ## - ADDED ENTRY--PERSONAL NAME | |
| Personal name | Kocsanyi-Kopecsko, K. |
| 700 ## - ADDED ENTRY--PERSONAL NAME | |
| Personal name | Wilczynska-Michalik, W. |
| 700 ## - ADDED ENTRY--PERSONAL NAME | |
| Personal name | Meierding, T. |
| 700 ## - ADDED ENTRY--PERSONAL NAME | |
| Personal name | Pope, G. |
| 700 ## - ADDED ENTRY--PERSONAL NAME | |
| Personal name | Miranda, V. |
| 700 ## - ADDED ENTRY--PERSONAL NAME | |
| Personal name | Michalik, M. |
| 700 ## - ADDED ENTRY--PERSONAL NAME | |
| Personal name | Mottershead, D. |
| 700 ## - ADDED ENTRY--PERSONAL NAME | |
| Personal name | Lucas, G. |
| 942 ## - ADDED ENTRY ELEMENTS (KOHA) | |
| Suppress in OPAC | 0 |
| Withdrawn status | Lost status | Source of classification or shelving scheme | Damaged status | Not for loan | Home library | Current library | Shelving location | Date acquired | Cost, normal purchase price | Total Checkouts | Full call number | Barcode | Date last seen | Date last checked out | Copy number | Cost, replacement price | Price effective from | Koha item type |
|---|---|---|---|---|---|---|---|---|---|---|---|---|---|---|---|---|---|---|
| Other/Generic Classification Scheme | London | London | Books | 26/04/2004 | 37.00 | 13 | 693.1 SMI | 30069244 | 06/08/2019 | 22/05/2009 | 1 | 37.00 | 06/08/2019 | Book |